000 00526nam a2200193Ia 4500
005 20250508162919.0
008 008 250505s9999 xx 000 0 eng d
020 _a81-208-0985-8
037 _aTextual
040 _aFEDL
_beng
_cFEDL
041 _aeng
_2eng
084 _a190, RAJ
_qFEDL
100 _aRaju P. T.
245 0 _aIntroduction to comparative philosophy
260 _aDelhi, India
_bMotilal Banarsi Dass
_c1992
300 _axii,364p.
942 _cTEXL
_h190, RAJ
999 _c1379394
_d1379394